| 000 | 00519nam a2200181 i 4500 | ||
|---|---|---|---|
| 001 | 77198 | ||
| 003 | ES-MaACL | ||
| 005 | 20230906173120.0 | ||
| 007 | t| | ||
| 008 | 041007s1960 sp f |||| | spa d | ||
| 100 | 1 |
_aGutiérrez Larraya, Tomás. _9149706 |
|
| 245 | 1 | 3 |
_aLa pintura al óleo / _cpor Tomás G. Larraya. |
| 250 | _a1ª ed. | ||
| 260 |
_aBarcelona : _bSuc. de E. Meseguer, _c1960. |
||
| 300 |
_a112 p., 48 lám. ; _c17 cm. |
||
| 650 | 0 | 4 |
_aPintura al óleo- _xTécnica. _916017 |
| 852 |
_aES-MaACL _jC-18837 |
||
| 999 |
_c77198 _d77198 |
||